[Event "Titled Tuesday intern op 16th Apr Early"]
[Site "Chess.com INT"]
[Date "2024.04.16"]
[Round "7"]
[White "Zavgorodniy, Sergiy"]
[Black "Redor, Menandro"]
[Result "1-0"]
[WhiteElo "2379"]
[BlackElo "2032"]
[PlyCount "111"]
[EventDate "2024.04.16"]
[EventType "swiss (blitz)"]
[EventRounds "11"]
[EventCountry "USA"]
[SourceTitle "CB17_2024"]
[SourceDate "2024.04.24"]
[SourceVersion "1"]
[SourceVersionDate "2024.04.24"]
[SourceQuality "1"]

1. d4 Nf6 2. c4 c5 3. Nf3 g6 4. g3 Bg7 5. Bg2 0-0 6. 0-0 cxd4 7. Nxd4 Nc6 8. Nc3 a6 9. Nc2 d6 10. b3 Bf5 11. Bb2 Rc8 12. Ne3 Bd7 13. Rc1 Re8 14. Qd2 Qa5 15. Rfd1 Be6 16. a4 Qb6 17. Qc2 Nd4 18. Qd3 Nxb3 19. Rb1 Nc5 20. Qc2 Qc7 21. Ba1 b6 22. Rdc1 Ncd7 23. Ncd5 Bxd5 24. Nxd5 Nxd5 25. Bxd5 Nf6 26. Bf3 Nd7 27. Bxg7 Kxg7 28. Qb2+ Ne5 29. Qxb6 Qxb6 30. Rxb6 a5 31. Ra6 Rc5 32. Be4 Rec8 33. Bd3 g5 34. Rb1 Nxc4 35. Bxc4 Rxc4 36. Rxa5 h6 37. Ra7 R8c7 38. Rxc7 Rxc7 39. a5 Ra7 40. Ra1 Kg8 41. f3 Kg7 42. Kf2 Kf6 43. Ke3 Ke5 44. a6 Kd5 45. h4 f5 46. hxg5 hxg5 47. Ra5+ Ke6 48. Kd4 f4 49. gxf4 gxf4 50. Ke4 Kd7 51. Kxf4 Kc6 52. Kf5 Kb6 53. Ra1 e5 54. Ke6 Kc5 55. e3 e4 56. fxe4 1-0

[Event "Titled Tuesday intern op 31st May Late"]
[Site "Chess.com INT"]
[Date "2022.05.31"]
[Round "2"]
[White "Moral Garcia, Serafin"]
[Black "Redor, Menandro"]
[Result "1-0"]
[WhiteElo "2244"]
[BlackElo "2019"]
[PlyCount "39"]
[EventDate "2022.05.31"]
[EventType "swiss (blitz)"]
[EventRounds "11"]
[EventCountry "USA"]
[SourceTitle "CBM 208 Extra"]
[Source "ChessBase"]
[SourceDate "2022.07.31"]
[SourceVersion "1"]
[SourceVersionDate "2022.07.31"]
[SourceQuality "1"]

1. e4 c5 2. Nf3 g6 3. d4 cxd4 4. Qxd4 Nf6 5. e5 Nc6 6. Qa4 Nd5 7. Qe4 Nb6 8. Nc3 Bg7 9. Bf4 0-0 10. 0-0-0 Re8 11. h4 d6 12. h5 Bf5 13. Qe3 d5 14. hxg6 hxg6 15. Bh6 Bh8 16. Qf4 Qc7 17. Qh4 Nxe5 18. Bf4 Bf6 19. Qh7+ Kf8 20. Bh6+ 1-0

[Event "Titled Tuesday intern op 31st May Late"]
[Site "Chess.com INT"]
[Date "2022.05.31"]
[Round "7"]
[White "Redor, Menandro"]
[Black "Kohler, Aran"]
[Result "0-1"]
[WhiteElo "2019"]
[BlackElo "2121"]
[PlyCount "30"]
[EventDate "2022.05.31"]
[EventType "swiss (blitz)"]
[EventRounds "11"]
[EventCountry "USA"]
[SourceTitle "CBM 208 Extra"]
[Source "ChessBase"]
[SourceDate "2022.07.31"]
[SourceVersion "1"]
[SourceVersionDate "2022.07.31"]
[SourceQuality "1"]

1. d4 Nf6 2. c3 c5 3. Nf3 cxd4 4. cxd4 d5 5. Nc3 a6 6. Bg5 Nc6 7. Bxf6 gxf6 8. e3 Rg8 9. g3 Bg4 10. Bg2 e5 11. dxe5 fxe5 12. h3 Bxf3 13. Bxf3 e4 14. Bg4 Bb4 15. Qb3 Qa5 0-1

[Event "Titled Tuesday intern op 24th May Late"]
[Site "Chess.com INT"]
[Date "2022.05.24"]
[Round "5"]
[White "Redor, Menandro"]
[Black "Krstulovic, Alex"]
[Result "0-1"]
[WhiteElo "2019"]
[BlackElo "2413"]
[PlyCount "130"]
[EventDate "2022.05.24"]
[EventType "swiss (blitz)"]
[EventRounds "11"]
[EventCountry "USA"]
[SourceTitle "EXT 2023"]
[Source "ChessBase"]
[SourceDate "2022.10.05"]
[SourceVersion "1"]
[SourceVersionDate "2022.10.05"]
[SourceQuality "1"]

1. d4 Nf6 2. Bf4 d5 3. Nd2 c5 4. e3 Nc6 5. c3 e6 6. Ngf3 cxd4 7. exd4 Nh5 8. Bg3 Bd6 9. Bd3 Nf4 10. Bxf4 Bxf4 11. Qe2 0-0 12. 0-0 f6 13. Rad1 e5 14. dxe5 fxe5 15. Bc2 Bg4 16. h3 Bh5 17. g4 Qc8 18. gxh5 Qxh3 19. Qd3 e4 20. Qxd5+ Kh8 21. Qxe4 Qg4+ 22. Kh1 Qxh5+ 23. Kg1 Qg4+ 24. Kh1 Qh3+ 25. Kg1 Rf6 26. Qxh7+ Qxh7 27. Bxh7 Kxh7 28. Rfe1 Raf8 29. Ne4 Rg6+ 30. Kf1 Ne5 31. Nxe5 Bxe5 32. Rd5 Bc7 33. Rh5+ Kg8 34. Rg5 Rh6 35. Re3 Bf4 36. Rd3 Bxg5 37. Nxg5 Rh2 38. Ne4 Rh1+ 39. Kg2 Rb1 40. b4 Rb2 41. a4 a6 42. Rd7 Rc2 43. Rxb7 Rf4 44. Re7 Rf7 45. Rxf7 Kxf7 46. b5 axb5 47. axb5 Rb2 48. c4 Ke6 49. Kf3 Ke5 50. Ng5 Rb3+ 51. Kg4 Rb4 52. f4+ Kf6 53. Ne4+ Ke7 54. Nc3 Rxc4 55. Nd5+ Kd6 56. Ne3 Rb4 57. Nf5+ Ke6 58. Nxg7+ Kf7 59. Nf5 Kf6 60. Nd6 Rd4 61. b6 Rxd6 62. b7 Rb6 63. f5 Rxb7 64. Kh5 Rb4 65. Kh6 Rh4# 0-1

[Event "Titled Tuesday intern op 17th May Early"]
[Site "Chess.com INT"]
[Date "2022.05.17"]
[Round "6"]
[White "De Arruda, Leandro Formes"]
[Black "Redor, Menandro"]
[Result "0-1"]
[WhiteElo "1980"]
[BlackElo "2019"]
[PlyCount "90"]
[EventDate "2022.05.17"]
[EventType "swiss (blitz)"]
[EventRounds "11"]
[EventCountry "USA"]
[SourceTitle "CBM 208 Extra"]
[Source "ChessBase"]
[SourceDate "2022.07.31"]
[SourceVersion "1"]
[SourceVersionDate "2022.07.31"]
[SourceQuality "1"]

1. d4 c6 2. Nf3 d5 3. c4 Nf6 4. Bf4 e6 5. e3 Bd6 6. Be5 0-0 7. Bd3 dxc4 8. Bxc4 Qc7 9. Bxf6 gxf6 10. Nc3 Nd7 11. 0-0 b5 12. Bd3 a6 13. Rc1 Bb7 14. d5 cxd5 15. Nxb5 Qb8 16. Nxd6 Qxd6 17. Qc2 Rac8 18. Qb1 Kg7 19. Nd4 Ne5 20. Rxc8 Rxc8 21. Bc2 Nc4 22. Rd1 Qb4 23. Nb3 f5 24. Rd4 Qb6 25. Rh4 a5 26. Qd1 Nxb2 27. Qh5 Rxc2 28. Qxh7+ Kf8 29. h3 Qc7 30. f4 Qc3 31. Qh8+ Qxh8 32. Rxh8+ Kg7 33. Rb8 a4 34. Nd4 Rc7 35. Nb5 Rd7 36. Nd4 Nc4 37. Kf2 Nd2 38. g4 Ne4+ 39. Kf3 fxg4+ 40. hxg4 Rc7 41. g5 Nd6 42. Rd8 Nf5 43. Nb5 d4+ 44. e4 Rc5 45. Nxd4 Rc4 0-1

[Event "Titled Tuesday intern op 17th May Early"]
[Site "Chess.com INT"]
[Date "2022.05.17"]
[Round "4"]
[White "Manukyan, Artyom"]
[Black "Redor, Menandro"]
[Result "1-0"]
[WhiteElo "2106"]
[BlackElo "2019"]
[PlyCount "87"]
[EventDate "2022.05.17"]
[EventType "swiss (blitz)"]
[EventRounds "11"]
[EventCountry "USA"]
[SourceTitle "CBM 208 Extra"]
[Source "ChessBase"]
[SourceDate "2022.07.31"]
[SourceVersion "1"]
[SourceVersionDate "2022.07.31"]
[SourceQuality "1"]

1. e4 c6 2. d4 d5 3. Nc3 dxe4 4. Nxe4 Bf5 5. Ng3 Bg6 6. h4 h6 7. Nf3 Nd7 8. h5 Bh7 9. Bd3 Bxd3 10. Qxd3 Ngf6 11. Bd2 e6 12. 0-0-0 Be7 13. Qe2 0-0 14. Kb1 a5 15. Ne4 Nxe4 16. Qxe4 Nf6 17. Qe2 Qd5 18. Ne5 Qxd4 19. Bxh6 Qe4 20. Qxe4 Nxe4 21. Be3 a4 22. a3 Rad8 23. Bb6 Rd5 24. Nd7 Re8 25. Ka2 Bd8 26. Be3 Bg5 27. f4 Be7 28. c4 Rd6 29. Rxd6 Nxd6 30. Ne5 f6 31. Ng6 Nxc4 32. Bc1 Bd6 33. g4 Na5 34. g5 fxg5 35. fxg5 Nb3 36. Be3 Kh7 37. Rd1 Rd8 38. Bb6 Rd7 39. Nf8+ Bxf8 40. Rxd7 e5 41. Be3 Bc5 42. g6+ Kg8 43. Bxc5 Nc1+ 44. Kb1 1-0

[Event "Titled Tuesday intern op 17th May Early"]
[Site "Chess.com INT"]
[Date "2022.05.17"]
[Round "5"]
[White "Redor, Menandro"]
[Black "Richter, Nils"]
[Result "0-1"]
[WhiteElo "2019"]
[BlackElo "2359"]
[PlyCount "60"]
[EventDate "2022.05.17"]
[EventType "swiss (blitz)"]
[EventRounds "11"]
[EventCountry "USA"]
[SourceTitle "CBM 208 Extra"]
[Source "ChessBase"]
[SourceDate "2022.07.31"]
[SourceVersion "1"]
[SourceVersionDate "2022.07.31"]
[SourceQuality "1"]

1. c3 b6 2. d4 Bb7 3. Bf4 Nf6 4. Nd2 e6 5. Qc2 d5 6. e3 c5 7. Ngf3 Nc6 8. Bb5 a6 9. Bxc6+ Bxc6 10. Ne5 Bb7 11. Bg5 Be7 12. dxc5 Bxc5 13. Qa4+ b5 14. Qh4 Bd6 15. f4 h6 16. Ndf3 Qb6 17. Ke2 Ne4 18. Qh5 Qc7 19. Bh4 0-0 20. Rhd1 b4 21. g4 bxc3 22. g5 cxb2 23. gxh6 g6 24. h7+ Kh8 25. Bf6+ Nxf6 26. Qg5 Ne4 27. Nxg6+ fxg6 28. Qxg6 bxa1Q 29. Rxa1 Qc2+ 30. Nd2 Qxd2+ 0-1

[Event "Titled Tuesday intern op 03rd May Early"]
[Site "Chess.com INT"]
[Date "2022.05.03"]
[Round "5"]
[White "Redor, Menandro"]
[Black "Bongo Akanga Ndjila, Barthelemy"]
[Result "1-0"]
[WhiteElo "2019"]
[BlackElo "1803"]
[PlyCount "113"]
[EventDate "2022.05.03"]
[EventType "swiss (blitz)"]
[EventRounds "11"]
[EventCountry "USA"]
[SourceTitle "CBM 208 Extra"]
[Source "ChessBase"]
[SourceDate "2022.07.31"]
[SourceVersion "1"]
[SourceVersionDate "2022.07.31"]
[SourceQuality "1"]

1. d4 d5 2. c4 e6 3. cxd5 exd5 4. Nc3 Nf6 5. Nf3 Be7 6. Bf4 c6 7. e3 0-0 8. Bd3 Re8 9. 0-0 Nbd7 10. Rc1 Nf8 11. a3 a5 12. h3 Ng6 13. Bg3 Bd6 14. Bxg6 hxg6 15. Ne5 Qe7 16. f4 Ne4 17. Nxe4 dxe4 18. Qb3 Be6 19. Qc2 Bd5 20. Kh2 a4 21. f5 gxf5 22. Rxf5 f6 23. Ng6 Bxg3+ 24. Kxg3 Qd6+ 25. Kf2 Bf7 26. Nf4 Bb3 27. Qe2 Qd7 28. Qh5 Bf7 29. Ng6 Bxg6 30. Qxg6 Qf7 31. Qxf7+ Kxf7 32. h4 g6 33. Rf4 Ra5 34. Ke2 Rb5 35. Rc2 Rb3 36. Rf2 f5 37. g3 Rh8 38. Kd2 Kf6 39. Kc1 Rd3 40. Rc3 Rxc3+ 41. bxc3 Ra8 42. Kc2 Ra5 43. g4 Rb5 44. h5 b6 45. hxg6 Kxg6 46. gxf5+ Rxf5 47. Rxf5 Kxf5 48. c4 Kg4 49. Kc3 Kf3 50. d5 cxd5 51. cxd5 Kxe3 52. d6 Kf2 53. d7 e3 54. d8Q e2 55. Qf6+ Ke3 56. Qe5+ Kf2 57. Kd2 1-0

[Event "Titled Tuesday intern op 26th Apr Early"]
[Site "Chess.com INT"]
[Date "2022.04.26"]
[Round "1"]
[White "Redor, Menandro"]
[Black "Belozerov, Andrei"]
[Result "0-1"]
[WhiteElo "2019"]
[BlackElo "2462"]
[PlyCount "78"]
[EventDate "2022.04.26"]
[EventType "swiss (blitz)"]
[EventRounds "11"]
[EventCountry "USA"]
[SourceTitle "CBM 208 Extra"]
[Source "ChessBase"]
[SourceDate "2022.07.31"]
[SourceVersion "1"]
[SourceVersionDate "2022.07.31"]
[SourceQuality "1"]

1. d4 d5 2. c4 c6 3. Nc3 Nf6 4. Nf3 dxc4 5. a4 Bf5 6. e3 e6 7. Bxc4 Bb4 8. 0-0 0-0 9. Nh4 Nbd7 10. Nxf5 exf5 11. Bd2 Qe7 12. a5 b5 13. Bb3 g6 14. Qf3 Rac8 15. Rfd1 a6 16. d5 Ne5 17. Qf4 Bd6 18. Qh4 c5 19. e4 Nxe4 20. Qxe7 Bxe7 21. Nxe4 fxe4 22. Re1 f5 23. d6+ c4 24. dxe7 Rfe8 25. Bc2 Rxe7 26. Bc3 Nd3 27. Bxd3 cxd3 28. Red1 Kf7 29. g3 Ke6 30. Rac1 Kd5 31. Bd2 Rec7 32. Kf1 Rc2 33. Ke1 Kc4 34. Bc3 Kb3 35. Rxc2 dxc2 36. Rc1 Rxc3 37. bxc3 Kxc3 38. Ra1 b4 39. f3 b3 0-1

[Event "Titled Tuesday intern op 19th Apr Early"]
[Site "Chess.com INT"]
[Date "2022.04.19"]
[Round "7"]
[White "Redor, Menandro"]
[Black "Urbina Perez, Juan Antonio"]
[Result "0-1"]
[WhiteElo "2019"]
[BlackElo "2284"]
[PlyCount "60"]
[EventDate "2022.04.19"]
[EventType "swiss (blitz)"]
[EventRounds "11"]
[EventCountry "USA"]
[SourceTitle "EXT 2023"]
[Source "ChessBase"]
[SourceDate "2022.10.05"]
[SourceVersion "1"]
[SourceVersionDate "2022.10.05"]
[SourceQuality "1"]

1. c3 d5 2. d4 c5 3. Bf4 cxd4 4. cxd4 Nc6 5. Nc3 Nf6 6. e3 a6 7. Bd3 Bg4 8. Nge2 Bxe2 9. Qxe2 e6 10. 0-0 Bd6 11. Bg5 h6 12. Bh4 Qc7 13. f4 g5 14. Bg3 0-0-0 15. Rac1 Kb8 16. Na4 Rdg8 17. Nc5 gxf4 18. Bxf4 Ne4 19. Bxe4 Bxf4 20. Rxf4 dxe4 21. Rxe4 Rg5 22. Rf4 Rhg8 23. Rf2 Qd6 24. Qf3 Nd8 25. g3 Rxg3+ 26. hxg3 Rxg3+ 27. Kf1 Rxf3 28. Rxf3 Qh2 29. Nd3 Qd2 30. Rc3 f5 0-1

[Event "Online Olym Disabilities"]
[Site "Tornelo INT"]
[Date "2020.11.24"]
[Round "4.17"]
[White "Barata, Adriano Albiani"]
[Black "Redor, Menandro"]
[Result "1-0"]
[WhiteElo "2144"]
[BlackElo "2019"]
[PlyCount "105"]
[EventDate "2020.11.21"]
[EventType "team-swiss (rapid)"]
[EventRounds "7"]
[EventCountry "NET"]
[SourceTitle "CBM 199 Extra"]
[Source "ChessBase"]
[SourceDate "2021.01.31"]
[SourceVersion "1"]
[SourceVersionDate "2021.01.31"]
[SourceQuality "1"]
[WhiteTeam "Brazil"]
[BlackTeam "Philippines II"]
[WhiteTeamCountry "BRA"]
[BlackTeamCountry "PHI"]

1. e4 d5 2. exd5 Nf6 3. Nf3 Nxd5 4. d4 Bf5 5. a3 e6 6. c4 Nb6 7. Nc3 Nc6 8. h3 Be7 9. Be2 0-0 10. Be3 Bf6 11. 0-0 Na5 12. b3 c5 13. Rc1 cxd4 14. Nxd4 Bg6 15. c5 Nd5 16. Nxd5 Qxd5 17. b4 Bxd4 18. Bxd4 Nc6 19. Be3 Qa2 20. Ra1 Qb2 21. Bf3 Rfd8 22. Qc1 Qb3 23. Rd1 a6 24. Rd6 Rac8 25. Bd1 Qd3 26. Rxd3 Bxd3 27. Bf3 e5 28. Qb2 e4 29. Bg4 Rc7 30. Bf4 Re7 31. Bd6 Ree8 32. Rd1 Ne7 33. Be2 Bxe2 34. Qxe2 Ng6 35. g3 f5 36. Bc7 Rc8 37. Qc4+ Kh8 38. Bd6 h6 39. Qf7 Ne5 40. Bxe5 Rxe5 41. Rd7 Rg8 42. Re7 Rxe7 43. Qxe7 Rb8 44. Qc7 Re8 45. Qxb7 e3 46. fxe3 Rxe3 47. Kf2 Rxa3 48. c6 Ra2+ 49. Ke1 h5 50. c7 h4 51. c8Q+ Kh7 52. Qxf5+ Kh6 53. Qc6+ 1-0

[Event "Online Olym Disabilities"]
[Site "Tornelo INT"]
[Date "2020.11.22"]
[Round "2.7"]
[White "Babarykin, Stanislav"]
[Black "Redor, Menandro"]
[Result "1-0"]
[WhiteElo "2387"]
[BlackElo "2019"]
[PlyCount "71"]
[EventDate "2020.11.21"]
[EventType "team-swiss (rapid)"]
[EventRounds "7"]
[EventCountry "NET"]
[SourceTitle "CBM 199 Extra"]
[Source "ChessBase"]
[SourceDate "2021.01.31"]
[SourceVersion "1"]
[SourceVersionDate "2021.01.31"]
[SourceQuality "1"]
[WhiteTeam "Russia"]
[BlackTeam "Philippines II"]
[WhiteTeamCountry "RUS"]
[BlackTeamCountry "PHI"]

1. d4 Nf6 2. Bf4 d5 3. e3 c5 4. c3 Nc6 5. Nd2 e6 6. Ngf3 cxd4 7. exd4 Bd6 8. Bxd6 Qxd6 9. Bd3 Bd7 10. 0-0 0-0 11. Qe2 Rac8 12. Ne5 Ne7 13. f4 Ng6 14. Rae1 a6 15. Qe3 b5 16. Nxd7 Nxd7 17. f5 exf5 18. Bxf5 Rce8 19. Qxe8 Rxe8 20. Rxe8+ Ngf8 21. Bxd7 Qxd7 22. Ra8 Qb7 23. Rd8 f6 24. Nb3 Qe7 25. Rxd5 Qe3+ 26. Kh1 g6 27. h3 f5 28. Re5 Qg3 29. Nc5 h5 30. Re8 Qd6 31. Rfe1 f4 32. Ne6 f3 33. Rxf8+ Kh7 34. Rxf3 a5 35. Ng5+ Kg7 36. Rf7+ 1-0